Shows That Left Us Hanging Quiz Stats

Quiz Updated Aug 7, 2016

Challenge
Share
Tweet
Embed
Score 0/22 Timer 06:00
5 Plays Today
% Correct
The Sopranos
88%
Dallas
78%
Spider-Man: The Animated Series
70.9%
Quantum Leap
67.9%
Heroes
66.8%
ALF
61.7%
Terminator: The Sarah Connor Chronicles
60.9%
Lois & Clark: The New Adventures of Superman
60.3%
Angel
57.7%
Stargate Universe
56.6%
Twin Peaks
54.2%
% Correct
V
52.7%
FlashForward
49.8%
My So-Called Life
44.8%
Chasing Life
44.2%
Deadwood
43.2%
My Name Is Earl
39.9%
Soap
37.7%
Revolution
34.8%
Southland
34.2%
The 4400
25.9%
Hannibal
24.5%

You're not logged in!

Compare scores with friends on all Sporcle quizzes.
Join for Free
OR
Log In

You Might Also Like...

Show Comments

Extras

Top Quizzes Today


Score Distribution

Your Account Isn't Verified!

In order to create a playlist on Sporcle, you need to verify the email address you used during registration. Go to your Sporcle Settings to finish the process.

Report this User

Report this user for behavior that violates our Community Guidelines.

Details: